[Event "Défi"]
[Site "www.echecsemail.com"]
[Date "2026.01.08"]
[Round "1"]
[White "Jipepe"]
[Black "Vvvv"]
[WhiteElo "1560"]
[BlackElo "1780"]
[Result "0-1"]
1.e4 e5
2.Ng1f3 Nb8c6
3.d4 exd4
4.Nf3xd4 Nc6xd4
5.Qd1xd4 d6
6.Bf1c4 Ng8f6
7.Bc1g5 Bf8e7
8.Nb1c3 O-O
9.O-O c5
10.Qd4d2 Bc8e6
11.b3 a6
12.Bc4xe6 fxe6
13.Qd2e3 Nf6g4
14.Qe3g3 Be7xg5
 { temps }0-1

[Event "Défi"]
[Site "www.echecsemail.com"]
[Date "2026.01.08"]
[Round "1"]
[White "Sam94"]
[Black "Jipepe"]
[WhiteElo "1500"]
[BlackElo "1560"]
[Result "1-0"]
1.d4 d5
2.c4 e6
3.c5 c6
4.Ng1f3 Ng8f6
5.Bc1g5 Bf8e7
6.Nf3e5 Qd8a5
7.Nb1c3 O-O
8.Bg5d2 Qa5b4
9.Nc3a4 Qb4xd4
10.Ne5d3  { temps }1-0

[Event "Défi"]
[Site "www.echecsemail.com"]
[Date "2026.01.08"]
[Round "1"]
[White "Jipepe"]
[Black "Sam94"]
[WhiteElo "1560"]
[BlackElo "1500"]
[Result "0-1"]
1.e4 d5
2.d3 Ng8f6
3.Bf1e2 Nb8c6
4.Ng1f3 dxe4
5.dxe4 Nf6xe4
6.Bc1e3 Bc8f5
7.Nb1d2 Qd8d5
8.Nd2xe4 Qd5xe4
9.O-O e6
 { temps }0-1

[Event "TRISTAN DA CUNHA"]
[Site "www.echecsemail.com"]
[Date "2026.01.08"]
[Round "1"]
[White "Rachess"]
[Black "Petitlulu64"]
[WhiteElo "1550"]
[BlackElo "1750"]
[Result "0-1"]
1.e4 e5
2.Ng1f3 Nb8c6
3.Nb1c3 Ng8f6
4.Bf1c4 Bf8c5
5.d3 d6
6.Bc1g5 O-O
7.Nc3d5 Bc8g4
8.Nd5xf6 gxf6
9.Bg5h6 Rf8e8
10.h3 Bg4h5
11.Qd1d2 Nc6e7
 { temps }0-1

[Event "Eq:Pirates du Mat-Les Gens du Sud :"]
[Site "www.echecsemail.com"]
[Date "2026.01.08"]
[Round "1"]
[White "Silveur"]
[Black "Sp52"]
[WhiteElo "1790"]
[BlackElo "2410"]
[Result "0-1"]
1.d4 d5
2.Ng1f3 c6
3.g3 Ng8f6
4.Bf1g2 Bc8f5
5.O-O e6
6.c3 Bf8d6
7.Qd1b3 Qd8c7
8.Nb1d2 O-O
9.c4 Nb8d7
10.Rf1e1 c5
11.cxd5 exd5
12.Nd2f1 c4
13.Qb3d1 b5
14.Nf1e3 Bf5e4
15.Bc1d2 a5
16.Nf3g5 Be4xg2
17.Ne3xg2 h6
18.Ng5h3 b4
19.Bd2f4 Rf8e8
20.Bf4xd6 Qc7xd6
21.Qd1a4 Nd7b6
22.Qa4b5 a4
23.Qb5c5 Qd6xc5
24.dxc5 Nb6d7
25.c6 Nd7e5
26.Ra1d1 Ne5xc6
27.Nh3f4 Re8d8
28.Ng2e3 Ra8a5
29.Ne3f5 d4
{ abandon }0-1

[Event "Tournoi n27306"]
[Site "www.echecsemail.com"]
[Date "2026.01.08"]
[Round "1"]
[White "Hermite"]
[Black "Kaelstrum"]
[WhiteElo "1500"]
[BlackElo "1580"]
[Result "1-0"]
1.e4 e5
2.Ng1f3 Ng8f6
3.d3 Nb8c6
4.Bf1e2 h6
5.Bc1e3 Bf8b4
6.c3 Bb4a5
7.b4 Ba5b6
8.d4 exd4
9.cxd4 Nf6xe4
10.Be2d3 d5
11.O-O O-O
12.Nb1d2 Ne4xd2
13.Qd1xd2  { temps }1-0

[Event "Défi"]
[Site "www.echecsemail.com"]
[Date "2026.01.08"]
[Round "1"]
[White "Asvel69"]
[Black "Bilitis"]
[WhiteElo "1730"]
[BlackElo "1760"]
[Result "0-1"]
1.e4 e5
2.Ng1f3 d6
3.c3 c5
4.d4 cxd4
5.cxd4 exd4
6.Nf3xd4 Nb8c6
7.Nd4xc6 bxc6
8.Nb1c3 Ng8f6
9.Bf1e2 g6
10.O-O Bf8g7
11.e5 Nf6d7
12.exd6 O-O
13.Rf1e1 Bc8b7
14.Be2f3 Rf8e8
15.Bc1e3 Nd7e5
16.Ra1b1 Ne5xf3
17.Qd1xf3 Qd8xd6
18.Rb1d1 Qd6e7
19.h3 c5
20.Qf3g3 Qe7f8
21.Nc3b5 Ra8d8
22.Nb5d6 Re8e7
23.Nd6xb7 Re7xb7
24.b3 Rd8xd1
25.Re1xd1 f5
26.Be3f4 Qf8f6
27.Bf4g5 Qf6b2
28.Rd1d8 Kf7
29.Qg3d6 Qb2a1
30.Qd6d1 Qa1xd1
31.Rd8xd1 Bg7d4
32.Kf1 Ke6
33.Rd1e1 Kd5
34.Re1e8 c4
35.Re8d8 Kc5
36.bxc4 Kxc4
37.Rd8c8 Kb4
38.Bg5d2 Ka3
39.Rc8c2 Rb7b1
40.Ke2 Bd4b6
41.Bd2e3 Bb6xe3
42.fxe3 Rb1b2
43.Rc2xb2 Kxb2
44.a4 a5
45.Kd3 Kb3
46.g3 Kxa4
47.Kd4 Kb4
48.e4 fxe4
49.Kxe4 a4
50.Kd3 Kb3
51.Ke4 a3
 { temps }0-1

[Event "Coupe Niveau 3"]
[Site "www.echecsemail.com"]
[Date "2026.01.08"]
[Round "1"]
[White "Verson"]
[Black "Onetwoyve"]
[WhiteElo "1870"]
[BlackElo "1870"]
[Result "0-1"]
1.d4 d5
2.Ng1f3 Ng8f6
3.e3 Bc8g4
4.Nb1d2 e6
5.Bf1d3 Bf8d6
6.O-O O-O
7.c4 c5
8.Qd1c2 b6
9.b3 Nb8c6
10.Bc1b2 Nc6e7
11.Nf3e5 Bg4h5
12.Nd2f3 Bh5xf3
13.Ne5xf3 Ne7g6
14.Nf3e5 Bd6xe5
15.dxe5 Nf6e8
16.Ra1d1 Ne8c7
17.cxd5 Nc7xd5
18.a3 Qd8c7
19.e4 Nd5e7
20.f4 Rf8d8
21.Bd3c4 Ng6f8
22.f5 Ne7c6
23.Rf1f2 Nc6xe5
24.Rf2d2 Ne5xc4
25.Qc2xc4 Rd8xd2
26.Rd1xd2 Ra8d8
27.Qc4c3 f6
28.Bb2c1 exf5
29.exf5 Rd8d6
30.Rd2xd6 Qc7xd6
31.Qc3c2 Qd6d4
32.Kf1 Nf8d7
33.Qc2d2 Kf7
34.Qd2xd4 cxd4
35.Ke2 Nd7e5
36.h3 b5
37.Bc1f4 g6
38.fxg6 hxg6
39.g4 g5
40.Bf4h2 Ke6
41.Bh2g1 Kd5
42.Bg1h2 Ke4
43.Bh2xe5 fxe5
44.Kf2 d3
45.b4 Kf4
46.Ke1 Kg3
47.Kd2 e4
{ abandon }0-1

[Event "Noël 2025 n4"]
[Site "www.echecsemail.com"]
[Date "2026.01.08"]
[Round "1"]
[White "Patau"]
[Black "Karkaskat"]
[WhiteElo "1710"]
[BlackElo "2100"]
[Result "0-1"]
1.e4 c5
2.Ng1f3 d6
3.g3 Ng8f6
4.d3 g6
5.Bf1g2 Bf8g7
6.O-O O-O
7.Bc1g5 Nb8c6
8.Nb1d2 h6
9.Bg5e3 Nf6g4
10.h3 Ng4xe3
11.fxe3 Bg7xb2
12.Ra1b1 Bb2g7
13.c4 Nc6e5
14.Nf3xe5 Bg7xe5
15.Nd2f3 Be5xg3
16.d4 b6
17.dxc5 bxc5
18.e5 Bc8e6
19.exd6 exd6
20.Qd1c2 Qd8d7
21.Nf3d2 Be6f5
22.Bg2e4 Bf5xh3
23.Rf1f3 Qd7g4
24.Nd2f1 Bg3e5
25.Kf2 Qg4g2
26.Ke1 Qg2xc2
{ abandon }0-1

[Event "Eq:La Diagonale du Fou-Les enfants de l Atlantide :"]
[Site "www.echecsemail.com"]
[Date "2026.01.08"]
[Round "1"]
[White "Filosofia"]
[Black "Harvir"]
[WhiteElo "2050"]
[BlackElo "1970"]
[Result "0-1"]
1.Ng1f3 d5
2.b3 Ng8f6
3.Bc1b2 c5
4.e3 Nb8c6
5.Bf1b5 e6
6.O-O Bf8e7
7.d4 O-O
8.Nb1d2 a6
9.Bb5xc6 bxc6
10.c4 a5
11.Nf3e5 Qd8c7
12.dxc5 Be7xc5
13.Nd2f3 Rf8d8
14.Nf3g5 Bc5a3
15.Bb2xa3 Qc7xe5
16.Ng5f3 Qe5c7
17.Qd1c2 Bc8a6
18.Ba3b2 Nf6e4
19.Rf1d1 Qc7b6
20.Nf3d2 Ne4xd2
21.Rd1xd2 dxc4
22.bxc4 Rd8xd2
23.Qc2xd2 Ra8d8
24.Qd2c3 f6
25.g3 Qb6b4
{ abandon }0-1

[Event "Tournoi n27371"]
[Site "www.echecsemail.com"]
[Date "2026.01.08"]
[Round "1"]
[White "Patau"]
[Black "Wenoketo"]
[WhiteElo "1710"]
[BlackElo "1640"]
[Result "1-0"]
1.e4 c6
2.Ng1f3 e6
3.g3 d5
4.d3 dxe4
5.dxe4 Qd8xd1
6.Kxd1 Bf8c5
7.Bc1e3 Bc5xe3
8.fxe3 Nb8d7
9.Nb1c3 Ng8e7
10.Bf1c4 Nd7b6
11.Bc4b3 O-O
12.Ke2 Nb6d7
13.Ra1d1 Nd7b6
14.Rd1d2 Nb6d7
15.Rh1d1 Rf8d8
16.Nf3e5 Kf8
17.Ne5xd7 Bc8xd7
18.Rd2xd7 { abandon }1-0

[Event "HAWAII  2"]
[Site "www.echecsemail.com"]
[Date "2026.01.08"]
[Round "1"]
[White "Jyfsk"]
[Black "Skalfa"]
[WhiteElo "1830"]
[BlackElo "1880"]
[Result "1-0"]
1.e4 e5
2.d4 exd4
3.Qd1xd4 Nb8c6
4.Qd4d1 a6
5.Ng1f3 h6
6.Bf1d3 Bf8c5
7.O-O d6
8.Nb1c3 Ng8f6
9.a3 O-O
10.b4 Bc5a7
11.Bc1b2 Bc8g4
12.Bd3e2 Rf8e8
13.Nc3d5 Nf6xe4
14.c4 Ne4xf2
15.Rf1xf2 Ba7xf2
16.Kxf2 Bg4xf3
17.Be2xf3 Nc6e5
18.Qd1d4 c6
19.Nd5b6 Ra8b8
20.c5 f6
21.Qd4xd6 Qd8e7
22.Ra1e1 Rb8d8
23.Qd6xe7 Re8xe7
24.Bb2xe5 Re7xe5
25.Re1xe5 fxe5
26.Nb6c4 Rd8e8
27.Nc4d6 Re8e7
28.Bf3e4 g5
29.Be4f5 h5
30.Bf5c8 e4
31.Bc8xb7 e3
32.Ke2 g4
33.Bb7xa6 Kg7
34.Nd6f5 Kf6
35.Nf5xe7 Kxe7
36.Kxe3 Ke6
37.Ba6c8 Kd5
38.Kf4 Kc4
39.Bc8b7 Kb3
40.Bb7xc6 Kxa3
41.b5 { abandon }1-0

[Event "Tournoi n27351"]
[Site "www.echecsemail.com"]
[Date "2026.01.08"]
[Round "1"]
[White "Jclaude"]
[Black "Zadkine1"]
[WhiteElo "1790"]
[BlackElo "1740"]
[Result "1-0"]
1.e4 e5
2.Ng1f3 Nb8c6
3.Bf1c4 Ng8f6
4.Nf3g5 d5
5.exd5 Nf6xd5
6.Qd1f3 Bc8e6
7.Nb1c3 Bf8c5
8.Nc3xd5 Be6xd5
9.Bc4xd5 O-O
10.Bd5xf7 Kh8
11.Qf3h5 { abandon }1-0

[Event "Défi( 10J+24H/c 10J Max )"]
[Site "www.echecsemail.com"]
[Date "2026.01.08"]
[Round "1"]
[White "Electronlibre"]
[Black "Burgman"]
[WhiteElo "1980"]
[BlackElo "1990"]
[Result "0-1"]
1.f4 e5
2.e4 exf4
3.Ng1f3 d6
4.d4 g5
5.g3 g4
6.Nf3h4 Bf8e7
7.Bc1xf4 Be7xh4
8.gxh4 Qd8xh4
9.Bf4g3 Qh4g5
10.Bg3f2 Nb8c6
11.Bf1g2 Ng8f6
12.Nb1c3 Bc8d7
13.O-O a6
14.Rf1e1 O-O-O
15.a3 h5
16.Qd1d3 h4
17.Bf2e3 Qg5g7
18.Nc3d5 h3
19.Nd5f4 hxg2
20.Nf4xg2 Qg7h7
21.Be3f4 Nf6h5
22.Bf4g3 Nh5xg3
23.hxg3 f5
24.Ng2h4 f4
25.e5 fxg3
26.Qd3xh7 Rh8xh7
27.e6 Bd7e8
28.Nh4f5 Be8g6
29.Nf5xg3 Rd8e8
30.c3 d5
31.Kg2 Re8h8
32.Re1h1 Kd8
33.Rh1xh7 Rh8xh7
34.Ra1f1 Ke7
35.Rf1e1 Nc6d8
36.Re1e5 Kd6
37.Ng3e2 Nd8xe6
38.Kg3 c5
39.Kxg4 cxd4
40.cxd4 Ne6xd4
41.Ne2xd4 Kxe5
42.Nd4f3 Kf6
43.Nf3d4 Bg6e4
44.Nd4e2 Rh7h2
45.Ne2c3 Rh2xb2
46.Nc3xe4 dxe4
{ abandon }0-1

[Event "Défi"]
[Site "www.echecsemail.com"]
[Date "2026.01.08"]
[Round "1"]
[White "Arno"]
[Black "Manulatus"]
[WhiteElo "1770"]
[BlackElo "1880"]
[Result "0-1"]
1.d4 d5
2.Bc1f4 Ng8f6
3.Ng1f3 Bc8g4
4.Nb1d2 e6
5.c4 c6
6.Qd1b3 Qd8b6
7.Nf3e5 Qb6xb3
8.axb3 Bg4h5
9.e3 Nb8d7
10.c5 Nd7xe5
11.Bf4xe5 Bh5g6
12.b4 Bf8e7
13.b5 O-O
14.b4 Nf6d7
15.Nd2f3 h6
16.Bf1e2 f6
17.Be5g3 Bg6h5
18.O-O Rf8e8
19.Ra1a3 Be7f8
20.Rf1a1 Bh5xf3
21.gxf3 e5
22.bxc6 bxc6
23.Ra3xa7 Ra8xa7
24.Ra1xa7 Re8d8
25.b5 cxb5
26.Be2xb5 Nd7xc5
27.dxc5 Bf8xc5
28.Ra7d7 Rd8xd7
29.Bb5xd7 Kf7
30.Kf1 Ke7
31.Bd7a4 Ke6
32.Ke2 g5
33.h3 h5
34.Kd3 h4
35.Bg3h2 f5
36.Ba4b3 f4
37.e4 Kd6
38.Bb3xd5 Bc5d4
39.Bh2g1 Kc5
40.Kc2 Kb4
41.Bd5e6 Ka3
42.Kd3 Kb4
43.Ke2 Kc3
44.Bg1h2 Bd4c5
45.Bh2xf4 gxf4
46.Be6d7 Bc5d4
47.Kd1 Bd4xf2
48.Bd7e6 Kd3
49.Kc1 Ke2
50.Kc2 Kxf3
51.Be6f5 Ke2
52.Kc3 Bf2d4
53.Kc4 f3
54.Bf5g4 Ke3
55.Bg4xf3 Kxf3
{ abandon }0-1

[Event "Tournoi n27345"]
[Site "www.echecsemail.com"]
[Date "2026.01.08"]
[Round "1"]
[White "Alain64"]
[Black "Boudon"]
[WhiteElo "2080"]
[BlackElo "2190"]
[Result "1/2-1/2"]
1.f4 Ng8h6
2.Ng1f3 d5
3.e3 g6
4.d4 Bf8g7
5.c4 e6
6.Bf1d3 O-O
7.O-O c5
8.Nb1c3 dxc4
9.Bd3xc4 cxd4
10.Nf3xd4 Nh6f5
11.Nd4xf5 exf5
12.Qd1c2 Bc8e6
13.Bc4xe6 fxe6
14.Rf1d1 Qd8b6
15.Nc3a4 Qb6c6
16.Qc2b3 Nb8d7
17.Bc1d2 Nd7f6
18.Ra1c1 Qc6d5
19.Bd2b4 Qd5xb3
20.axb3 Rf8d8
21.Na4c5 Rd8xd1
22.Rc1xd1 Bg7f8
23.Nc5d3 Ra8d8
24.Bb4xf8 Kxf8
25.h3 Nf6e4
26.b4 a5
27.bxa5 Ne4c5
28.Nd3f2 Rd8xd1
29.Nf2xd1 Nc5b3
30.Kf2 Nb3xa5
31.Ke2 Ke7
32.Kd3 Kd6
33.e4 Kc5
34.exf5 exf5
35.Kc3 { nul }1/2-1/2

[Event "Michael Tal 29"]
[Site "www.echecsemail.com"]
[Date "2026.01.08"]
[Round "1"]
[White "Skalfa"]
[Black "Ficherre"]
[WhiteElo "1850"]
[BlackElo "2130"]
[Result "0-1"]
1.e4 c5
2.Ng1f3 Nb8c6
3.Bf1c4 e6
4.O-O d5
5.exd5 exd5
6.Bc4e2 Ng8f6
7.d4 Bc8g4
8.dxc5 Bf8xc5
9.a3 O-O
10.b4 Bc5d6
11.Bc1b2 Rf8e8
12.Nb1c3 a6
13.Rf1e1 Ra8c8
14.g3 Re8xe2
15.Qd1xe2 Nc6d4
16.Nf3xd4 Bg4xe2
17.Re1xe2 Qd8d7
18.Ra1e1 Rc8e8
19.Re2xe8 Nf6xe8
20.f4 Ne8f6
21.Nd4f3 Bd6c7
22.Nc3e2 Bc7b6
23.Kg2 Nf6e4
24.Nf3e5 Qd7d6
25.Re1d1 Qd6e6
26.Ne2c3 Ne4xc3
27.Bb2xc3 f6
28.Rd1e1 fxe5
29.Re1xe5 Qe6c8
30.Bc3e1 Qc8xc2
31.Kf3 Kf7
32.Re5xd5 Qc2c6
33.Ke4 Qc6c4
34.Ke5 Bb6c7
35.Rd5d6 Qc4e6
{ abandon }0-1

[Event "Défi( 10J+24H/c 10J Max )"]
[Site "www.echecsemail.com"]
[Date "2026.01.08"]
[Round "1"]
[White "Filosofia"]
[Black "Berjay"]
[WhiteElo "2090"]
[BlackElo "1710"]
[Result "1-0"]
1.Ng1f3 d5
2.b3 Bc8f5
3.Bc1b2 Ng8f6
4.e3 e6
5.Bf1e2 g6
6.O-O h5
7.d3 Bf8d6
8.Nb1d2 Nb8c6
9.d4 Nc6b4
10.Ra1c1 Qd8d7
11.a3 O-O-O
12.axb4 h4
13.Nf3e5 Bd6xe5
14.dxe5 Nf6e4
15.Nd2xe4 Bf5xe4
16.c4 h3
17.Be2f3 Qd7e7
18.g3 Qe7xb4
19.c5 c6
20.Bb2d4 Qb4a5
21.Bf3xe4 dxe4
22.Rc1a1 Qa5c7
23.Ra1xa7 Kd7
24.Qd1a1 f5
25.exf6 g5
26.Bd4e5 Qc7c8
27.Rf1d1 Ke8
28.f7 Kxf7
29.Be5xh8 Rd8xh8
30.Ra7xb7 Kg6
31.Rb7g7 Kh5
32.Qa1f6 Kg4
33.Rg7xg5 1-0

[Event "Défi( 10J+24H/c 10J Max )"]
[Site "www.echecsemail.com"]
[Date "2026.01.08"]
[Round "1"]
[White "Sierra117"]
[Black "Gonzok67"]
[WhiteElo "1660"]
[BlackElo "1850"]
[Result "0-1"]
1.e4 c5
2.Ng1f3 e6
3.d4 cxd4
4.Nf3xd4 Bf8c5
5.Bc1e3 Bc5b6
6.Bf1c4 Ng8e7
7.Nb1c3 a6
8.O-O Bb6a7
9.f4 O-O
10.Qd1f3 Nb8c6
11.Nd4xc6 bxc6
12.Rf1d1 Qd8c7
13.f5 Ba7b8
14.g3 exf5
15.exf5 Qc7e5
16.Bc4d3 Qe5f6
17.Nc3e4 Qf6xb2
18.Rd1b1 Qb2e5
19.Be3c5 d6
20.Bc5xd6 Bb8xd6
21.Ne4xd6 Qe5xd6
22.Rb1d1 Ra8b8
23.Ra1b1 Qd6d4
24.Qf3f2 Qd4xf2
25.Kxf2 Rb8xb1
26.Rd1xb1 Ne7xf5
27.Rb1b6 Nf5d4
28.Ke3 Nd4e6
29.Bd3f5 Rf8e8
30.Bf5d3 Ne6c7
31.Kd2 Nc7d5
32.Rb6xc6 Nd5b4
33.Rc6c7 Nb4xd3
34.Kxd3 Re8d8
35.Ke2 Bc8f5
36.c3 g6
37.Rc7a7 Bf5e6
38.a3 Kg7
39.Ra7xa6 Be6c4
40.Kf2 Bc4xa6
41.c4 Ba6xc4
{ abandon }0-1

[Event "Tournoi n27373"]
[Site "www.echecsemail.com"]
[Date "2026.01.08"]
[Round "1"]
[White "Ohtani"]
[Black "Ephixe"]
[WhiteElo "1649"]
[BlackElo "1800"]
[Result "1-0"]
1.d4 e5
2.dxe5 Nb8c6
3.Ng1f3 f6
4.e4 d6
5.exf6 Qd8xf6
6.Nb1c3 Ng8e7
7.Nc3b5 Kd7
8.Bf1e2 a6
9.Nb5d4 b6
10.Bc1g5 Qf6g6
11.Nd4xc6 Ne7xc6
12.e5 h6
13.Bg5f4 Ke8
14.O-O Bf8e7
15.exd6 Be7xd6
16.Nf3h4 Qg6f6
17.Be2h5 g6
18.Nh4xg6 Rh8g8
19.Rf1e1 Kd8
20.Bf4xd6 cxd6
21.Qd1d5 { abandon }1-0

[Event "Tournoi n27284"]
[Site "www.echecsemail.com"]
[Date "2026.01.08"]
[Round "1"]
[White "Vvvv"]
[Black "Bylka"]
[WhiteElo "1740"]
[BlackElo "1760"]
[Result "1-0"]
1.e4 c6
2.d4 e5
3.Ng1f3 exd4
4.Nf3xd4 Bf8c5
5.Bc1e3 Qd8f6
6.c3 d6
7.Qd1d2 h6
8.Bf1c4 b5
9.Bc4b3 Bc5b6
10.a3 Bc8b7
11.Nd4f5 Bb6c7
12.Be3d4 Qf6g6
13.O-O Nb8d7
14.Nf5xg7 Kd8
15.Ng7f5 c5
16.Bd4xh8 Bb7xe4
17.Nf5h4 Qg6h7
18.Rf1e1 Be4xb1
19.Ra1xb1 Qh7xh8
20.Bb3xf7 Ng8f6
21.Nh4f5 Nf6g4
22.Nf5xh6 Ng4f6
23.Qd2g5 Kc8
24.Nh6g8 d5
25.Ng8e7 Kb7
26.Bf7xd5 Nf6xd5
27.Qg5xd5 Ka6
28.Qd5c6 Bc7b6
29.Ne7d5 Qh8d8
30.a4 bxa4
31.Qc6xa4 Kb7
32.Nd5e7 Qd8c7
33.Qa4e4 Kb8
34.Rb1d1 a5
35.Ne7c6 Kb7
36.Nc6xa5 Ka7
37.Qe4a4 Kb8
38.Re1e8 Ka7
39.Na5c6 Kb7
40.Qa4xa8 1-0

[Event "Défi( 10J+24H/c 10J Max )"]
[Site "www.echecsemail.com"]
[Date "2026.01.08"]
[Round "1"]
[White "Vb83"]
[Black "Tiounet"]
[WhiteElo "1460"]
[BlackElo "1650"]
[Result "1-0"]
1.e4 a6
2.d4 b5
3.Ng1f3 Bc8b7
4.d5 Ng8f6
5.Nb1d2 g6
6.h3 Bf8g7
7.Bf1d3 O-O
8.O-O d6
9.Rf1e1 c6
10.dxc6 Nb8xc6
11.a3 Ra8c8
12.c3 Qd8b6
13.Nf3d4 Nc6xd4
14.cxd4 Qb6xd4
15.Nd2f3 Qd4c5
16.b4 Nf6xe4
17.bxc5 Ne4xc5
18.Ra1b1 { abandon }1-0

[Event "HAWAII  2"]
[Site "www.echecsemail.com"]
[Date "2026.01.08"]
[Round "1"]
[White "Pgo"]
[Black "Brettsinclair"]
[WhiteElo "1770"]
[BlackElo "1890"]
[Result "0-1"]
1.e4 d6
2.Ng1f3 Ng8f6
3.d3 Bc8g4
4.Bf1e2 h6
5.h3 Bg4h5
6.g4 Bh5g6
7.O-O e5
8.Nb1c3 Nb8c6
9.a3 Bf8e7
10.Bc1e3 a6
11.b4 b5
12.Nf3h4 Bg6h7
13.Nh4g2 Nc6d4
14.Be3xd4 exd4
15.Nc3d5 Nf6xd5
16.exd5 O-O
17.f4 f5
18.gxf5 Bh7xf5
19.Be2g4 Bf5xg4
20.hxg4 Qd8e8
21.Qd1e2 Qe8f7
22.Qe2e6 Ra8e8
23.Qe6xf7 Rf8xf7
24.Rf1f2 c6
25.dxc6 Re8c8
26.f5 Rc8xc6
27.Ng2f4 Be7h4
28.Rf2e2 Bh4g5
29.Nf4d5 Kh7
30.Ra1e1 Kg8
31.Re2e8 Kh7
32.Re1e2 g6
33.fxg6 Kxg6
34.Re2e6 Kg7
35.Kg2 Rc6xc2
36.Kg3 Rc2f2
37.Re8e7 Bg5xe7
38.Re6xe7 Rf2f3
39.Kg2 Rf3xd3
40.Re7xf7 Kxf7
41.Kf2 Rd3xa3
42.Ke2 Ke6
43.Nd5f4 Ke5
44.Nf4d3 Ke4
45.Nd3f2 Kf4
{ abandon }0-1

[Event "Coupe Niveau 6"]
[Site "www.echecsemail.com"]
[Date "2026.01.08"]
[Round "1"]
[White "Marcat"]
[Black "Alain64"]
[WhiteElo "2140"]
[BlackElo "2140"]
[Result "1-0"]
1.e4 c5
2.Ng1f3 e6
3.d4 cxd4
4.Qd1xd4 Nb8c6
5.Qd4e3 Ng8f6
6.Nb1c3 Bf8b4
7.a3 Bb4xc3
8.bxc3 Qd8c7
9.Bf1d3 d5
10.Qe3g5 O-O
11.e5 h6
12.Qg5g3 Nf6e8
13.Bc1xh6 Nc6xe5
14.Nf3xe5 f6
15.Ne5g6 Qc7xg3
16.hxg3 gxh6
17.Ng6xf8 Kxf8
18.Rh1xh6 b6
19.Kd2 Bc8b7
20.f3 e5
21.Rh6h8 Kf7
22.Ra1h1 Ne8g7
23.Rh8h7 Ra8d8
24.Rh7xg7 Kxg7
25.Rh1h7 Kg8
26.Rh7xb7 e4
27.Bd3e2 a5
28.Rb7xb6 Kg7
29.Ke3 Rd8c8
30.fxe4 dxe4
31.c4 { abandon }1-0

[Event "Défi"]
[Site "www.echecsemail.com"]
[Date "2026.01.08"]
[Round "1"]
[White "Trebuchet"]
[Black "Majula"]
[WhiteElo "1949"]
[BlackElo "1590"]
[Result "1-0"]
1.d4 d5
2.c4 Ng8f6
3.cxd5 Nf6xd5
4.e4 Nd5b6
5.Bf1e2 e6
6.Ng1f3 Bf8b4
7.Nb1c3 a6
8.O-O Bb4xc3
9.bxc3 Nb8c6
10.Be2d3 f6
11.Rf1e1 e5
12.h3 Nc6e7
13.dxe5 O-O
14.exf6 Rf8xf6
15.e5 Rf6g6
16.Qd1c2 Bc8e6
17.Nf3h4 Kf7
18.Re1e3 Ne7f5
19.Nh4xf5 Be6xf5
20.Bd3xf5 Rg6g5
21.e6 Ke7
22.Bc1a3 Ke8
23.Bf5xh7 Qd8f6
24.Bh7e4 c6
25.Qc2b3 Nb6d5
26.Qb3xb7 Nd5xe3
27.Qb7xa8 Qf6d8
28.Be4xc6 1-0

[Event "OAHU 2"]
[Site "www.echecsemail.com"]
[Date "2026.01.08"]
[Round "1"]
[White "Brettsinclair"]
[Black "Woluwe1975"]
[WhiteElo "1910"]
[BlackElo "1660"]
[Result "1-0"]
1.b3 Ng8f6
2.Bc1b2 e6
3.Ng1f3 d6
4.c4 Bf8e7
5.e3 O-O
6.d4 Nb8d7
7.Bf1d3 Rf8e8
8.O-O g6
9.Nb1c3 a6
10.Rf1e1 c5
11.d5 e5
12.e4 Nd7b6
13.Nc3e2 Kg7
14.h3 h5
15.Bb2c1 Nb6d7
16.Kh2 Re8h8
17.Nf3g1 Nf6g4
18.hxg4 hxg4
19.Ng1h3 gxh3
20.gxh3 Nd7f6
21.Ne2g1 Nf6g4
22.Kg2 Ng4xf2
23.Qd1f3 Nf2xd3
24.Qf3xd3 Be7h4
25.Re1f1 Bc8d7
26.Bc1d2 b5
27.Rf1f3 Bh4f6
28.Ra1f1 Bd7xh3
29.Ng1xh3 g5
30.Rf3xf6 Kg8
31.Nh3xg5 Ra8a7
32.Qd3g3 { abandon }1-0

[Event "Défi"]
[Site "www.echecsemail.com"]
[Date "2026.01.08"]
[Round "1"]
[White "Snarf"]
[Black "Pgo"]
[WhiteElo "1730"]
[BlackElo "1760"]
[Result "1/2-1/2"]
1.e4 e5
2.Ng1f3 Nb8c6
3.Bf1b5 d6
4.d4 Bc8d7
5.d5 Nc6e7
6.O-O Bd7xb5
7.Rf1e1 Ng8f6
8.h3 g6
9.Bc1g5 Bf8g7
10.b3 O-O
11.c4 Bb5a6
12.Qd1c1 Nf6h5
13.b4 b6
14.b5 Ba6b7
15.Nb1d2 f6
16.Bg5h4 g5
17.Bh4g3 h6
18.Bg3h2 f5
19.a4 f4
20.Qc1d1 Nh5f6
21.Kh1 a5
22.Bh2g1 Nf6h5
23.Nf3xg5 Rf8f6
24.Qd1xh5 hxg5
25.Qh5xg5 Rf6g6
26.Qg5h5 Rg6h6
27.Qh5f3 Ne7g6
28.Qf3g4 Bb7c8
29.Qg4e2 Ng6h4
30.f3 Bc8b7
31.Nd2f1 Qd8g5
32.Nf1h2 Rh6g6
33.Nh2g4 Bb7c8
34.Bg1f2 Bc8xg4
35.fxg4 Ra8f8
36.Ra1a3 Rg6f6
37.Qe2d1 f3
38.g3 Nh4g2
39.Re1f1 Bg7h6
40.Ra3d3 Qg5g7
41.Kh2 Qg7h7
42.h4 Bh6f4
43.Rd3xf3 Ng2xh4
44.Rf3xf4 Nh4g6
45.Kg2 exf4
46.Bf2d4 Rf6f7
47.Rf1h1 f3
48.Kf2 Rf8e8
49.Rh1xh7 Rf7xh7
50.Kxf3 Re8f8
51.Ke3 Rh7h3
52.Qd1e1 Rh3h2
53.Qe1g1 Rh2a2
54.Qg1d1 Ra2a3
55.Ke2 Rf8f3
56.Bd4f2 Rf3b3
57.Kf1 Rb3d3
58.Qd1c2 Rd3c3
59.Qc2d2 Rc3d3
60.Qd2g5 Kg7
61.Qg5d8 Ra3xa4
62.Qd8xc7 Kh6
63.Qc7xb6 Rd3d1
64.Kg2 Ra4a1
65.Qb6a7 a4
66.Bf2e3 Ng6f4
67.Be3xf4 Kg6
68.Bf4e3 Ra1a2
69.Be3f2 Rd1d2
70.g5 Rd2xf2
71.Qa7xf2 Ra2xf2
72.Kxf2 a3
73.b6 a2
74.b7 a1Q
75.b8Q Qa1d4
76.Kf1 Qd4xc4
77.Kg1 Qc4xe4
78.Qb8g8 Kh5
79.Qg8f7 Kxg5
80.Qf7g7 Kh5
81.Qg7f7 Kg4
82.Qf7e6 Kf3
83.Qe6xe4 Kxe4
84.Kf2 Kxd5
85.Kf3 Ke5
86.g4 d5
87.Ke3 d4
88.Kd3 Kf4
{ nul }1/2-1/2

[Event "Eq:La Diagonale du Fou-Les enfants de l Atlantide :"]
[Site "www.echecsemail.com"]
[Date "2026.01.08"]
[Round "1"]
[White "Harvir"]
[Black "Filosofia"]
[WhiteElo "1970"]
[BlackElo "2050"]
[Result "1-0"]
1.e4 c6
2.d4 d5
3.Nb1c3 dxe4
4.Nc3xe4 Ng8f6
5.Ne4xf6 exf6
6.Ng1f3 Bf8d6
7.Bc1e3 O-O
8.Qd1d2 Rf8e8
9.O-O-O Bc8e6
10.Kb1 Nb8a6
11.h4 Na6c7
12.h5 Nc7d5
13.Bf1e2 Nd5xe3
14.fxe3 Be6g4
15.Nf3h4 Bg4xe2
16.Qd2xe2 Bd6f4
17.Rd1d3 Bf4g5
18.Nh4f3 Bg5h6
19.g4 Re8e4
20.Nf3d2 Re4e8
21.Rh1e1 b5
22.Nd2b3 Qd8e7
23.Qe2f3 Qe7e4
24.Qf3xe4 Re8xe4
25.Nb3a5 Ra8c8
26.Rd3c3 { abandon }1-0

[Event "Défi"]
[Site "www.echecsemail.com"]
[Date "2026.01.08"]
[Round "1"]
[White "Payne42"]
[Black "Bilitis"]
[WhiteElo "1760"]
[BlackElo "1750"]
[Result "1-0"]
1.f4 d5
2.Ng1f3 Bc8g4
3.e3 Ng8f6
4.b3 g6
5.Bc1b2 Bf8g7
6.Bf1e2 O-O
7.O-O Nb8c6
8.d3 Rf8e8
9.Nf3e5 Bg4xe2
10.Qd1xe2 Nf6d7
11.Ne5xc6 bxc6
12.Bb2xg7 Kxg7
13.Nb1d2 f5
14.Nd2f3 e5
15.fxe5 Nd7xe5
16.Ra1d1 Qd8e7
17.h3 Ra8d8
18.c3 Rd8d6
19.Rf1e1 Ne5xf3
20.Qe2xf3 Rd6e6
21.Kf2 Re6f6
22.Rd1d2 Qe7d6
23.Rd2e2 h5
24.Qf3f4 Qd6d7
25.Qf4d4 a5
26.Qd4a7 Rf6f8
27.Qa7c5 Kh6
28.Kg1 Re8b8
29.Qc5d4 Rf8f7
30.Qd4f4 g5
31.Qf4f2 Rb8f8
32.g3 h4
33.gxh4 gxh4
34.Qf2xh4 Kg6
35.Re2g2 1-0

[Event "HAWAII  2"]
[Site "www.echecsemail.com"]
[Date "2026.01.08"]
[Round "1"]
[White "Jyfsk"]
[Black "Pgo"]
[WhiteElo "1830"]
[BlackElo "1770"]
[Result "1-0"]
1.e4 e5
2.d4 exd4
3.Qd1xd4 Nb8c6
4.Qd4d1 Bf8c5
5.Ng1f3 Ng8e7
6.Bf1d3 O-O
7.O-O d6
8.Nb1c3 Bc8g4
9.Bd3e2 h6
10.a3 a6
11.b4 Bg4xf3
12.Be2xf3 Bc5d4
13.Bc1b2 Bd4xc3
14.Bb2xc3 f6
15.Bc3b2 b5
16.Ra1c1 Nc6e5
17.Bb2xe5 dxe5
18.Qd1e2 Qd8e8
19.Rf1d1 Ra8d8
20.Rd1xd8 Qe8xd8
21.h3 Qd8d4
22.c3 Qd4b6
23.Kf1 Rf8c8
24.Bf3g4 Rc8e8
25.Rc1d1 g6
26.Bg4d7 Re8f8
27.Qe2d3 Kg7
28.Bd7g4 h5
29.Bg4e2 c6
30.g3 Rf8f7
31.f3 g5
32.c4 bxc4
33.Qd3xc4 f5
34.exf5 Rf7xf5
35.Kg2 Ne7d5
36.Rd1xd5 cxd5
37.Qc4xd5 Qb6d4
38.Qd5b7 Rf5f7
39.Qb7xa6 Qd4d2
40.a4 Qd2xb4
41.Qa6b5 Qb4d2
42.a5 Qd2e3
43.a6 e4
44.Qb5e5 Kg6
45.Qe5xe4 Qe3xe4
46.fxe4 Rf7e7
47.Be2f3 Re7a7
48.Bf3e2 h4
49.gxh4 gxh4
50.Kf3 Kg5
51.Ke3 Kf6
52.Kf4 Ra7g7
53.e5 Kg6
54.Be2d3 Kh6
55.Bd3f5 Rg7a7
56.Bf5c8 Kh5
57.Bc8b7 Kg6
58.Kg4 Kf7
59.Kf5 Ke7
60.e6 Ke8
61.Kf6 Kf8
62.e7 Ke8
63.Bb7c6 Ra7d7
64.Bc6xd7 Kxd7
65.Kf7 { abandon }1-0

[Event "Défi( 10J+36H/c 30J Max )"]
[Site "www.echecsemail.com"]
[Date "2026.01.08"]
[Round "1"]
[White "Anumisme"]
[Black "Lilou"]
[WhiteElo "1130"]
[BlackElo "1360"]
[Result "0-1"]
1.d4 d5
2.Nb1c3 c6
3.f3 e6
4.h4 h6
5.Bc1f4 Ng8e7
6.e3 Nb8d7
7.Bf1d3 b5
8.Ng1e2 Ne7f5
9.a3 b4
10.Nc3a4 bxa3
11.b3 f6
12.Qd1d2 Ra8b8
13.Bf4xb8 Nd7xb8
14.O-O g5
15.h5 Bf8d6
16.c4 dxc4
17.Bd3xc4 Qd8c7
18.Kf2 Bd6g3
19.Ne2xg3 Qc7xg3
20.Ke2 Qg3xg2
21.Rf1f2 Qg2g3
22.Na4c5 Ke7
23.e4 Nf5h4
24.Qd2e3 Rh8d8
25.Ra1xa3 e5
26.Ra3xa7 Nb8d7
27.Nc5e6 Nh4g2
28.Ne6xd8 Ng2xe3
29.Nd8b7 Qg3f4
30.Nb7a5 exd4
31.Ra7c7 Kd8
32.Rc7xc6 Ne3c2
33.Kf1 Nc2e3
34.Ke2 Nd7e5
35.Bc4b5 d3
36.Bb5xd3 g4
37.Rc6d6 Bc8d7
38.b4 gxf3
39.Kd2 Ne3c4
40.Kc3 Qf4c1
41.Bd3c2 Qc1b2
0-1